00826 2200313 4500001002100000005001500021035002000036007000300056040001700059100003800076245002700114250001000141300003100151504002600182020001800208041000800226082001100234084001700245090002700262264003400289336002100323337003000344338002300374650002000397850001000417008004100427990002200468990002200490INLIS00000000000947120260420094808 a0010-1222000076ta aSBPUPADbind0 aBambang Agus Murtidjo:ePengarang1 aSeri Budi Daya Bandeng aCet.5 a111 hlm. :bilus. ;c15 cm abibiliografi, hlm 111 a979-21-0010-50 aind a639.31 a639.31 BAM s a639.31 BAM s L 19 R 10 aYogyakarta :bKanisius,c2006 2rdacontentateks 2rdamediaatanpa perantara 2rdacarrieravolume 4aTeknik Terampil aPUPAD260420 0  a2095/H/ARPUS/2007 a1094/H/ARPUS/2007